Statistics for Famous Stans Quiz

Click here to take the quiz!

General Stats

  • This quiz has been taken 36 times
  • The average score is 12 of 20

Answer Stats

ClueFamous Stan% Correct
Country with nuclear weaponsPakistan
97%
Country of BoratKazakhstan
91%
Formerly known as "Constantinople"Istanbul
88%
Marvel Comics authorStan Lee
88%
"The Graveyard of Empire"Afghanistan
82%
Oliver Hardy comedy partnerStan Laurel
79%
Double-landlocked countryUzbekistan
79%
Bay Area universityStanford
74%
World's third country with the
highest average elevation
Tajikistan
74%
Southernmost Soviet RepublicTurkmenistan
71%
Furthest country from the seaKyrgyzstan
65%
Director of "The Shining" and
"A Clockwork Orange"
Stanley Kubrick
65%
Montreal Canadiens won 24 of themStanley Cup
59%
Ethnic-based region shared by
Iran, Iraq, Turkey and Syria
Kurdistan
53%
Cardinals baseball iconStan Musial
26%
3x Swiss tennis major championStan Wawrinka
24%
Russian federal subject of
the nation's largest minority group
Tatarstan
21%
Largest province of the aboveBalochistan
18%
Journalist who presumably found
Dr. Livingstone in Africa
Henry Morton
Stanley
15%
Actor portraying the Winter SoldierSebastian Stan
12%

Score Distribution

Percentile by Number Answered

Percent of People with Each Score

Your Score History

You have not taken this quiz